[Event "Ruhrgebiet VK3 1112"]
[Site "Nordrheinwestfalen"]
[Date "2012.01.08"]
[Round "5.5"]
[White "Horenburg, Oliver"]
[Black "Stopschinski, Damian"]
[Result "0-1"]
[WhiteElo "1730"]
[BlackElo "1744"]
[PlyCount "142"]
[EventDate "2012.09.18"]
[EventType "team-tourn"]
[EventRounds "9"]
[EventCountry "GER"]
[SourceTitle "EXT 2020"]
[Source "ChessBase"]
[SourceDate "2019.10.17"]
[SourceVersion "1"]
[SourceVersionDate "2019.10.17"]
[SourceQuality "1"]
[WhiteTeam "Eichlinghofen SV II"]
[BlackTeam "Germania Kupferdreh"]
[WhiteTeamCountry "GER"]
[BlackTeamCountry "GER"]

1. e4 c6 2. d4 d5 3. e5 Bf5 4. c4 e6 5. Nc3 Bb4 6. a3 Ba5 7. b4 Bc7 8. Nf3 Nd7 9. Be2 Ne7 10. c5 0-0 11. 0-0 b6 12. Nh4 bxc5 13. bxc5 a5 14. Be3 Ra7 15. Bd3 Bxd3 16. Qxd3 Qa8 17. Rab1 Rb8 18. Bg5 Ng6 19. Nxg6 hxg6 20. Be7 Rxb1 21. Rxb1 Rb7 22. f4 Qb8 23. Rxb7 Qxb7 24. Qb1 Qxb1+ 25. Nxb1 f6 26. Kf2 Kf7 27. Bd6 Bxd6 28. exd6 e5 29. Ke3 exd4+ 30. Kxd4 Ke6 31. Nc3 f5 32. h4 Nf6 33. Ne2 Ne4 34. Nc1 Nd2 35. Nd3 Nc4 36. Ne5 Nxa3 37. Nxc6 Nb5+ 38. Kd3 a4 39. Ne5 a3 40. d7 Ke7 41. Kc2 d4 42. c6 d3+ 43. Nxd3 Nd4+ 44. Kc3 Nxc6 45. Kb3 Kxd7 46. Kxa3 Kd6 47. Kb3 Kd5 48. Kc3 Ke4 49. Kd2 Nd4 50. Ne5 Kxf4 51. Nxg6+ Kg3 52. Ke3 Ne6 53. h5 Kg4 54. Ne7 Nf4 55. h6 gxh6 56. Nxf5 Kxf5 57. Kf3 Kg5 58. Kg3 Nd5 59. Kh3 Ne7 60. Kg3 Nf5+ 61. Kf3 h5 62. Kf2 Kg4 63. Kg1 Kg3 64. Kh1 Ne3 65. Kg1 Nxg2 66. Kh1 h4 67. Kg1 h3 68. Kh1 Nf4 69. Kg1 Nd3 70. Kh1 Nf2+ 71. Kg1 h2+ 0-1

[Event "Ruhrgebiet VK3 1112"]
[Site "Nordrheinwestfalen"]
[Date "2011.11.13"]
[Round "3"]
[White "Fiori, Bruno"]
[Black "Stopschinski, Damian"]
[Result "0-1"]
[WhiteElo "2161"]
[BlackElo "1744"]
[PlyCount "64"]
[EventDate "2012.09.18"]
[EventType "team-tourn"]
[EventRounds "9"]
[EventCountry "GER"]
[SourceTitle "EXT 2020"]
[Source "ChessBase"]
[SourceDate "2019.10.17"]
[SourceVersion "1"]
[SourceVersionDate "2019.10.17"]
[SourceQuality "1"]
[WhiteTeam "Osterfeld Schwarze Dame"]
[BlackTeam "Germania Kupferdreh"]
[WhiteTeamCountry "GER"]
[BlackTeamCountry "GER"]

1. e4 c6 2. d4 d5 3. Nc3 dxe4 4. Nxe4 Bf5 5. Ng3 Bg6 6. h4 h6 7. Nf3 Nd7 8. Bd3 Bxd3 9. Qxd3 Qc7 10. Be3 Ngf6 11. 0-0-0 e6 12. Kb1 Bd6 13. Ne2 c5 14. dxc5 Bxc5 15. Nc3 a6 16. Rhe1 0-0 17. g4 Bxe3 18. fxe3 Nc5 19. Qd4 Rfd8 20. Qb4 a5 21. Qc4 g6 22. g5 hxg5 23. hxg5 Nh5 24. Ne4 Rxd1+ 25. Rxd1 Rc8 26. Nf6+ Nxf6 27. gxf6 Nd7 28. Qe2 Nxf6 29. c3 a4 30. Nd4 Qc5 31. Rf1 Ne4 32. Qf2 Nd2+ 0-1